| 000 | 00622cab a2200181 4500 | ||
|---|---|---|---|
| 001 | L130570 | ||
| 008 | 050815n2005 000 0 eng u | ||
| 035 | _a(Sirsi) u130570 | ||
| 041 | _aeng | ||
| 100 | _aTowler, Andrew | ||
| 245 | _aNorth by north-east | ||
| 260 | _c2005 | ||
| 490 |
_aSolicitors' Journal _v149(31) 5 August 2005, 936-937(2) |
||
| 520 | _aLooks at the regeneration in the north east England from a solicitor's point of view, in particular the opportunities created by redevelopments for local law firms. | ||
| 590 | _aIKA160805 | ||
| 690 | _aPROPERTY-PROPERTY MANAGEMENT-REGENERATION | ||
| 942 | _n0 | ||
| 999 |
_c75708 _d75708 |
||